01119nam a2200265 a 450000100100000000500170001000800410002702000150006804000250008304100380010808200150014610000370016124000360019824501520023426000600038630000280044649000380047453400440051250400730055670000340062983000450066304900090070895201190071799900170083600002541620200930023755.0110215s1981 mx a r 000 0 spa d a9681607929 aDO-SdBNPbspacBNPHU17aspaheng2Código de idioma MARC aNNNbW855p1 aWolff Paul, Robertd1933-95198810aUnderstanding RawlslEspañol.10aPara comprender a Rawls :buna reconstrucción y una crítica de teoría de la justicia /cRobert Paul Wolff ; traducción de Marcial Suárez. aMéxico, D. F. :bFondo de Cultura Económica,c1981. a204 p. :bil. ;c21 cm.1 aSección de obras de filosofía aTítulo original:tUnderstanding Rawls aIncluye referencias bibliográficas y notas al pie de las páginas1 aSuárez, Marcialetr.921749 0aSección de obras de filosofía952019 aBNGR 001054708MOaGRbGRcCTd2011-02-15iLF1l0oNNN W855pp25416-10r2020-06-25w2020-06-25y4ZPréstamo en sala c24908d24908